Statystyki dla Ludność Gruzji

Kliknij tutaj aby rozwiązać quiz!

Ogólne statystyki

  • Ten quiz został rozwiązany 6 razy
  • Średni wynik to 6 z 12

Statystyki odpowiedzi

Odpowiedź% Poprawnych
8Ormianie
100%
10Rosjanie
100%
3Azerowie
83%
5Gruzini
67%
11Swanowie
50%
2Adżarowie
33%
4Grecy
33%
7Megrelowie
33%
9Osetyjczycy
33%
12Ukraińcy
33%
1Abchazowie
17%
6Kurdowie
0%

Rozkład punktacji

Percentyl według liczby udzielonych odpowiedzi

Procent ludzi z każdym wynikiem

Twoja historia wyników

Nie rozwiązałeś tego quizu